| 000 | 00964 a2200301 4500 | ||
|---|---|---|---|
| 999 |
_c72864 _d19861 |
||
| 001 | 72864 | ||
| 003 | TR-AnTOB | ||
| 005 | 20230712001141.0 | ||
| 008 | 120412s2008 tu 000 0 | ||
| 040 |
_aTR-AnTOB _cTR-AnTOB |
||
| 041 | 0 | _atur | |
| 050 | 0 | 0 |
_aDR592.K4 _bN88 2008 |
| 090 | _aAV DR592.K4 N88 2008 | ||
| 245 | 0 | 0 |
_aNutuk : _b1919-1927 = Söylev _cProje İstanbul Production ; seslendirme sanatçısı Sefa Zengin. _h[sound recording] / |
| 246 | 3 | _aSöylev | |
| 260 |
_aİstanbul: _bİstanbul Production, _c[2008]. |
||
| 300 | _a1 compact disc. | ||
| 500 | _aTam metin, 24 saat, sesli. | ||
| 600 |
_aAtatürk, Mustafa Kemal _d1881-1938 _920781 |
||
| 651 | 0 |
_aTürkiye _xSiyaset ve yönetim _y1918-1960 _986916 |
|
| 651 | 0 |
_aTürkiye _xTarih _y1918-1960 _951899 |
|
| 700 | 0 |
_aZengin, Sefa _949886 |
|
| 710 | 2 |
_aİstanbul Production _949887 |
|
| 903 | _aMerkez Kütüphane Görsel-İşitsel Materyaller bölümü | ||
| 942 |
_cVCD _2lcc |
||
| 945 | _aCS | ||